Les phobies n°1 - Statistiques

Statistiques générales
  • Ce quiz a été pris 142 fois
    139 depuis la dernière actualisation
  • Le résultat moyen est 4 sur 10
Statistiques - réponses
Définition Phobie % Correct
Peur des araignées. Arachnophobie
95%
Phobie des espaces libres et des lieux publics. Agoraphobie
77%
Phobie du cancer. Cancérophobie
51%
Peur des démons. Démonophobie
32%
Peur des livres. Bibliophobie
31%
Peur des cristaux. Cristallophobie
29%
Peur du contact avec la terre. Géophobie
16%
Peur de ce qui est français. Gallophobie
11%
Peur des parasites de la peau. Acarophobie
7%
Peur du travail. Ergophobie
6%
Aucun quiz correspondant
Distribution des résultats
% des personnes avec chaque résultat
Percentile par nombre de réponses
Votre historique - résultats
Vous n’avez pas pris ce quiz depuis la dernière actualisation